000 00558nam a22001817a 4500
003 dpl
005 20180713154842.0
008 180713b xxu||||| |||| 00| 0 eng d
020 _a8181283406
_c0.00
035 _aB-227311
040 _aDPL
_bEN
_c0
082 _a543
100 _aValcarcel, Miguel
245 _aPrinciples of analytical chemistry: A textbook/
_cby Miguel Valcarel
260 _aNew Delhi
_bSpringer Pvt Ltd.
_cN.A.
300 _axiv;, 366p;
_bill;132figures, includes glossary
_c22cm.(pb)
942 _2ddc
_cEN
_h543
_mVAL
999 _c154006
_d154006